| 000 | 00567cam a2200193 4500500 | ||
|---|---|---|---|
| 005 | 20260329004514.0 | ||
| 041 | _afre | ||
| 042 | _adc | ||
| 100 | 1 | 0 |
_aPortevin, Catherine _eauthor |
| 245 | 0 | 0 | _aNaître et Renaître |
| 260 | _c2020. | ||
| 500 | _a54 | ||
| 690 | _aClaire Marin | ||
| 690 | _aFrédéric Worms | ||
| 690 | _aNaissance | ||
| 690 | _aNatalité | ||
| 786 | 0 | _nPhilosophie magazine | 137 | 3 | 2020-03-01 | p. 62-62 | 1951-1787 | |
| 856 | 4 | 1 | _uhttps://shs.cairn.info/magazine-philosophie-magazine-2020-3-page-62?lang=fr&redirect-ssocas=7080 |
| 999 |
_c1834570 _d1834570 |
||